THE ENCYCLOPEDIA ATLAS OF THE HUMAN BODY (Record no. 590)

MARC details
000 -LEADER
fixed length control field 00300nam a2200133Ia 4500
082 ## - DEWEY DECIMAL CLASSIFICATION NUMBER
Classification number 611
Item number E04G
100 ## - MAIN ENTRY--PERSONAL NAME
Personal name GORDEN, CHEEN PARKER
245 ## - TITLE STATEMENT
Title THE ENCYCLOPEDIA ATLAS OF THE HUMAN BODY
250 ## - EDITION STATEMENT
Edition statement 1ST
260 ## - PUBLICATION, DISTRIBUTION, ETC. (IMPRINT)
Name of publisher, distributor, etc CBS
Place of publication, distribution, etc DELHI
Year of Publication 2004
300 ## - PAGE DESCRIPTION
No. of Pages 1-526
650 ## - SUBJECT ADDED ENTRY--TOPICAL TERM
Topical term or geographic name as entry element HUMAN ANATOMY
942 ## - ADDED ENTRY ELEMENTS (KOHA)
Source of classification or shelving scheme Dewey Decimal Classification
Koha item type Books
Holdings
Withdrawn status Lost status Source of classification or shelving scheme Damaged status Not for loan Collection code Home library Current library Shelving location Date acquired Vendor Name Cost, normal purchase price SGTU Bill Number Total Checkouts Full call number Accession No. (Barcode) Date last seen Bill Date Koha item type
    Dewey Decimal Classification   Not For Loan MEDICAL SGT Medical Library SGT Medical Library Reference Book 25/02/2010 U.B.S. DELHI 1795.00 SGTU 982   611 E04G FM2663 09/02/2015 16/04/2011 Books